Score 0/19 Timer 05:00
0 Plays Today
% Correct
Joan of Arc
93.6%
Florence Nightingale
93.4%
Hua Mulan
89.3%
Amazons
88.9%
Nakano Takeko
81%
Marie-Thérèse Figueur
80.3%
Itzpapalotl
73.9%
Grace O'Malley
67.2%
Leni Riefenstahl
64.8%
Ann E. Dunwoody
62.3%
% Correct
Boudica
61.6%
Hanna Reitsch
59.1%
Sabiha Gökçen
52%
Zenobia
51.7%
Razia Sultana
40.3%
Ruth Neudeck
28.5%
Semiramis
28.5%
Amina Sukhera
24.5%
Roza Shanina
23.9%
Remove Ads.
Support Sporcle.
Get the best of Sporcle when you Go Orange. This ad-free experience offers more features, more stats, and more fun while also helping to support Sporcle. Thank you for becoming a member.

You're not logged in!

Compare scores with friends on all Sporcle quizzes.
OR
Log In

Sporcle TV

Today on Sporcle TV


Watch our educational content, quiz creation guides, and fun videos on Sporcle TV.

Show Comments

Extras

Top Quizzes Today


Score Distribution

Paid Content

Your Account Isn't Verified!

In order to create a playlist on Sporcle, you need to verify the email address you used during registration. Go to your Sporcle Settings to finish the process.

Report this User

Report this user for behavior that violates our Community Guidelines.

Details: